00526nam a2200181 a 45000010010000000030011000100080041000210350026000620820012000881000017001002450021001172600055001386500014001939420012002079520090002199980020003099990015003290000-8823ELIB.Books110520 1980  a(ELIB.Books)0000-8969 aB bHol aHolm, Dallas aThis is my story bTennessee: A Division of the Benson Company c1980 aBiography 2ddccBK 00102ddc4070aKBTSbKBTSd2011-05-20l0p6692r2022-01-22 00:00:00w2022-01-22yBK cbate2011-05-20 c8823d8823